Score 0/36 Timer 06:00
1 Play Today
Hint Answer % Correct
Greek GodZeus
95.8%
Shakespeare PlayHamlet
94.6%
Shakespeare PlayKing Lear
94.2%
LanguageZulu
92%
Writing/Measurement ToolRuler
91.9%
LanguageHindi
91.5%
Shakespeare PlayOthello
90.1%
Writing/Measurement ToolQuill
90%
Writing/Measurement ToolPencil
89.8%
Writing/Measurement ToolMarker
88.6%
Writing/Measurement ToolCrayon
87%
Shakespeare PlayMacbeth
86.9%
Shakespeare PlayJulius Caesar
86%
LanguageHebrew
84.7%
OccupationDoctor
84%
Greek GodPoseidon
81.4%
Greek GodHades
79.9%
OccupationBaker
79%
Hint Answer % Correct
OccupationDentist
76%
Writing/Measurement ToolCompass
60.3%
Greek GodAphrodite
56.3%
Art Style/MovementCubism
54.1%
LanguageHawaiian
49.9%
Greek GodArtemis
46.1%
LanguageMandarin
44.6%
OccupationSurgeon
42.1%
Greek GodDionysus
41.9%
OccupationMechanic
40.2%
LanguageAfrikaans
37.8%
Art Style/MovementBaroque
36%
Art Style/MovementImpressionism
35.4%
Art Style/MovementFuturism
31.2%
OccupationFlorist
30.3%
Art Style/MovementSurrealism
25.2%
Shakespeare PlayCymbeline
17.9%
Art Style/MovementDe Stijl
3.7%

You're not logged in!

Compare scores with friends on all Sporcle quizzes.
OR
Log In

Sporcle TV

Today on Sporcle TV


Watch our educational content, quiz creation guides, and fun videos on Sporcle TV.

Show Comments

Extras

Top Quizzes Today


Score Distribution

Your Account Isn't Verified!

In order to create a playlist on Sporcle, you need to verify the email address you used during registration. Go to your Sporcle Settings to finish the process.

Report this User

Report this user for behavior that violates our Community Guidelines.

Details: